| 000 | 00527nam a22001697a 4500 | ||
|---|---|---|---|
| 005 | 20230412053307.0 | ||
| 008 | 221109b |||||||| |||| 00| 0 eng d | ||
| 020 | _a978-1-98462-362-1 | ||
| 082 | _a515.35 T531 2019 | ||
| 110 |
_a3G E-Learning _dauthor |
||
| 245 |
_a3GE collection on mathematics: _bordinary differential equations / _c3G E-Learning |
||
| 260 |
_aNew York: _b3G E-Learning, _cc2019. |
||
| 300 |
_a[ix], 241p.: _bill. |
||
| 500 | _aIncludes references and index | ||
| 541 | _e6420 | ||
| 650 | _aDifferential equations | ||
| 999 |
_c155 _d155 |
||